000 02324cam a22002174a 4500
005 20250605164106.0
008 250528s ||||||||||||||||||||||||d
035 _a17759
020 _a9789605830465
040 _aGR-AtMCL
_bgre
_dGR-AtMCL
_eAACR2
245 1 _aΕγχειρίδιο Διαχείριση Οσφυαλγίας / Κλινικές Προκλήσεις - Σημεία - Κλειδιά - Μελέτη Περιστατικών
250 _a
260 _bΕκδόσεις Παρισιάνου,
_c2009
300 _a190
520 _aΠεριλαμβάνεται γρήγορη και εύκολη πρόσβαση στις πάρα πολλές και διαφορετικές παραμέτρους της αξιολόγησης και της διαχείρισης, που είναι απαραίτητες για την ορθή διαχείριση της οσφυαλγίας με την παροχή εξειδικευμένης γνώσης και συμβουλών. Πρόλογος, Ο Σκοπός του Βιβλίου, Ανασκόπηση: Οσφυαλγία και Φυσικοθεραπεία και Φυσικοθεραπευτές, Εντοπισμός και Σημασία των Κόκκινων Σημαιών, Εντοπισμός και Φυσικοθεραπευτική Διαχείριση της Ιππουριδικής Συνδρομής, Εντοπισμός και Διαχείριση των Κίτρινων Σημαιών, Υποκειμενική Εξέταση, Αντικειμενική Εξέταση, Εισαγωγή στη Διαφορική Διάγνωση για τους Ασθενεις με Οσφυαλγία, Πόνος και Φαρμακολογία, Φυσικοθεραπευτική Αγωγή για την Οσφυαλγία, Παραδείγματα για το Πώς οι Εξειδικευμένες Υπηρεσίες μπορούν να Αλλάξουν τη Διαχείριση της Οσφυαλγίας, Πιθανές Απαντήσεις στις Κλινικές Προκλήσεις και τις Ατομικές Περιπτώσεις, Ευρετήριο.
700 1 _aFerguson Fraser
_93894
700 1 _aΚατσουλάκης Κωνσταντίνος Δ
_93895
942 _cBK
999 _c3159
_d3159